Представление документа в формате MARC21

Поле Инд. ПП Название Значение
Тип записи a
Библиографический уровень m
001 Контрольный номер RU/IS/BASE/365079098
005 Дата корректировки 20140227163641.1
040 a Служба первич. каталог. НБ ТвГУ
b Код языка каталог. rus
e Правила каталог. PSBO
041 0_ a Код языка текста rus
080 a Индекс УДК 796
084 a Индекс другой классификации/Индекс ББК Ч515
090 a Полочн. индекс 7А8
x Авторский знак Г 15
100 1_ a Автор Галицкий Алексей Васильевич
q Полное имя Галицкий А. В.
245 00 a Заглавие Путешествие в страну игр
260 a Место издания Москва
b Издательство Физкультура и спорт
c Дата издания 1971
300 a Объем 151, [1] с.
b Иллюстрации/ тип воспроизводства ил.
653 a Ключевые слова Спорт
a Ключевые слова Спортивные игры
a Ключевые слова Физическая культура и спорт
700 1_ a Другие авторы Переплетчиков Леонид Соломонович
q Полное имя Переплетчиков, Л. С.
901 t Тип документа m
920 a Оператор Мюл
954 a Дата поступления на обработку 20110727